Statistics for US Elevation Ladder from East to West

Click here to take the quiz!

General Stats

  • This quiz has been taken 9 times
  • The average score is 11 of 43

Answer Stats

StateElevationAnswer% Correct
Alaska6190 mDenali
100%
New Hampshire1917 mMount Washington
89%
New Hampshire1708 mMount Washington (Nelson Crag)
89%
California4421 mMount Whitney
78%
North Carolina2038 mMount Mitchell
67%
Maine1605 mKatahdin (Baxter Peak)
56%
Maine1436 mKatahdin (Pamola Peak)
56%
Maine1601 mKatahdin (South Peak)
56%
Colorado4401 mMount Elbert
56%
New Hampshire1748 mMount Adams
44%
Alaska/Yukon5489 mMount Saint Elias
44%
Colorado4302 mPikes Peak
44%
Alaska/British Columbia4671 mMount Fairweather
33%
Texas2301 mLost Mine Peak
22%
North Carolina2026 mMount Craig
22%
Colorado4396 mMount Harvard
22%
North Carolina2007 mBalsam Cone
11%
North Carolina1946 mBalsam Cone (Potato Hill)
11%
Colorado4374 mBlanca Peak
11%
Colorado2666 mBurro Mesa
11%
Colorado3867 mEast Spanish Peak
11%
Texas2385 mEmory Peak
11%
Colorado2936 mFishers Peak
11%
Colorado2747 mLittle Fishers Peak Mesa
11%
Maine557 mLong Mountain
11%
Maine531 mMars Hill Mountain
11%
Maine736 mMount Chase
11%
New Hampshire1636 mMount Madison
11%
Maine74 mPorcupine Mountain
11%
Maine99 mPorcupine Mountain
11%
Maine57 mRedoubt Hill
11%
Maine1079 mThe Traveler
11%
Colorado4155 mWest Spanish Peak
11%
Maine164 mCarlisle Mountain
0%
Maine365 mGreenland Mountain
0%
Maine999 mNorth Turner Mountain
0%
Maine74 mNumber Nine Hill
0%
Maine261 mPirate Hill
0%
Maine177 mRye Hill
0%
Maine308 mSpruce Mountain
0%
Maine295 mTomah Mountain
0%
Maine156 mTrimble Mountain
0%
Maine256 mVance Mountain
0%

Score Distribution

Percentile by Number Answered

Percent of People with Each Score

Your Score History

You have not taken this quiz